An intensive course in Telugu / (Record no. 7680)

MARC details
000 -LEADER
fixed length control field 00561 a2200169 4500
010 ## - LCCN (DPL NO)
LC control number ENG-88126
020 ## - INTERNATIONAL STANDARD BOOK NUMBER
International Standard Book Number 8173421625
Terms of availability 350.00
035 ## - SYSTEM CONTROL NUMBER
System control number EN-71659
037 ## - SOURCE OF ACQUISITION
Source of stock number/acquisition DBAD / PUB
082 14 - DEWEY DECIMAL CLASSIFICATION NUMBER
Classification number 475.00
100 1# - MAIN ENTRY--PERSONAL NAME
Personal name Ramanarasimham
245 1# - TITLE STATEMENT
Title An intensive course in Telugu /
Statement of responsibility, etc by Ramanarasimham
260 ## - PUBLICATION, DISTRIBUTION, ETC. (IMPRINT)
Place of publication, distribution, etc Mysore
Name of publisher, distributor, etc Central Institute of Indian Language
Date of publication, distribution, etc 2006 (repr.)
270 ## - ADDRESS
Address Directror, Central Institute of Indian Language, Manasagangotri
City Mysore
Postal code 570 006
300 ## - PHYSICAL DESCRIPTION
Extent xxxvi, 854 p.
Dimensions 24 cm (Hb)
942 ## - ADDED ENTRY ELEMENTS (KOHA)
Institution code [OBSOLETE] dpl
Item type English Books
Source of classification or shelving scheme Dewey Decimal Classification
Classification part 475
Call number suffix RAM
Holdings
Withdrawn status Lost status Not for loan Collection code Home library Current library Source of acquisition Cost, normal purchase price Full call number Barcode Copy number Cost, replacement price Koha item type
    Not For Loan Non-fiction D.B.Act.Division D.B.Act.Division DBAD/PUB 350.00 475 RAM EN-71659 1 350.00 English Books

© Delhi Public Library
Hit Counter
free hit counter